Grundgesetz - Lückentext - Statistiken

Allgemein
  • Dieses Quiz wurde 178 mal gespielt
  • Das Durchschnittsergebnis liegt bei 6 aus 8
Antworten auf der Karte
Die Antworten werden auf der Karte rot bzw. grün angezeigt, abhängig davon wie oft sie richtig erraten wurden.
 
Antwortstatistiken
Antwort % Korrekt
Würde
99%
Recht
94%
Menschen
87%
Gesetz
85%
Bundesrepublik
80%
Schrift
70%
20
63%
staatlichen
57%
Keine übereinstimmenden Quizze gefunden
Verteilung der Resultate
Anzahl Personen mit jedem Resultat
Perzentil nach korrekt beantworteten Fragen
Ihre Resultats-Entwicklung
Sie haben dieses Quiz noch nicht gespielt